The Best Ever Starting Lineup- Brazil - Statistics

General Stats
  • This quiz has been taken 35 times
  • The average score is 6 of 11
Answer Stats
Hint Answer % Correct
ST Pelé
90%
LW Ronaldinho
87%
GK Alisson
65%
RB Cafu
65%
RW Garrincha
65%
CAM Kaká
55%
CM Zico
55%
LB Marcelo
48%
CB Lucio
45%
CM Sócrates
45%
CB Pereira
3%
No matching quizzes found
Score Distribution
Percent of People with Each Score
Percentile by Number Answered
Your Score History
You have not taken this quiz